[Event "BPB Limburg open C"]
[Site "Maastricht"]
[Date "2014.06.07"]
[Round "2"]
[White "Nguyen, Sang"]
[Black "Weerts, Rene"]
[Result "1-0"]
[WhiteElo "1334"]
[BlackElo "1635"]
[PlyCount "131"]
[EventDate "2014.06.06"]
[EventType "swiss"]
[EventRounds "7"]
[EventCountry "NED"]
[Source "P.Boonen"]
[SourceDate "2014.10.10"]

1. d4 g6 2. c4 Bg7 3. Nf3 c5 4. e3 cxd4 5. exd4 Nh6 6. Nc3 Nf5 7. d5 h5 8. Qc2
Na6 9. a3 d6 10. Bd2 Bd7 11. Ne4 Nd4 12. Nxd4 Bxd4 13. Bc3 Qb6 14. Rd1 Bxc3+
15. Qxc3 O-O-O 16. b4 Qc7 17. c5 Bf5 18. Bxa6 Bxe4 19. f3 Bxd5 20. Rxd5 bxa6
21. O-O e6 22. Rxd6 Rxd6 23. Qxh8+ Rd8 24. Qc3 Qd7 25. Rc1 Qd4+ 26. Qxd4 Rxd4
27. Rc3 Kc7 28. Kf2 Rd2+ 29. Kg3 Kc6 30. f4 Rd4 31. Kf3 Rd8 32. Ke4 f6 33. h3
Rd2 34. Kf3 Kb5 35. g3 Rd7 36. Re3 Re7 37. Rd3 a5 38. bxa5 Rc7 39. Rd6 Rc6 40.
Rd7 a6 41. Rg7 Rxc5 42. Rxg6 Rc3+ 43. Kf2 h4 44. gxh4 Rxh3 45. Rxf6 Rxh4 46.
Kg3 Rh7 47. Rxe6 Kxa5 48. Re4 Kb5 49. f5 a5 50. f6 Rf7 51. Rf4 Kc5 52. Kg4 Kd5
53. Kg5 Ke6 54. Kg6 Rf8 55. Re4+ Kd5 56. Re7 a4 57. f7 Kc4 58. Re8 Rxf7 59.
Kxf7 Kb3 60. Re3+ Kb2 61. Ke6 Ka2 62. Kd5 Kb2 63. Kc4 Kc2 64. Re2+ Kd1 65. Rh2
Kc1 66. Kc3 1-0

[Event "BPB Limburg open C"]
[Site "Maastricht"]
[Date "2014.06.07"]
[Round "2"]
[White "Parren, Ashley"]
[Black "Seibst, Sascha"]
[Result "1/2-1/2"]
[WhiteElo "1405"]
[BlackElo "1585"]
[PlyCount "56"]
[EventDate "2014.06.06"]
[EventType "swiss"]
[EventRounds "7"]
[EventCountry "NED"]
[Source "P.Boonen"]
[SourceDate "2014.10.10"]

1. e4 c5 2. Nf3 d6 3. Nc3 a6 4. g3 Nf6 5. Bg2 e5 6. d3 Be7 7. O-O O-O 8. Be3
Nc6 9. Nd5 Nxd5 10. exd5 Nb4 11. Nd2 a5 12. a3 Na6 13. h4 b5 14. f4 exf4 15.
Bxf4 Bf6 16. Rb1 Qb6 17. Be4 c4+ 18. Kg2 cxd3 19. Bxd3 Bb7 20. Be4 Nc5 21. Be3
Rfe8 22. b4 Bc3 23. bxc5 dxc5 24. Qf3 Qd8 25. Bxh7+ Kxh7 26. Qh5+ Kg8 27. Qxf7+
Kh7 28. Qh5+ Kg8 1/2-1/2

[Event "BPB Limburg open C"]
[Site "Maastricht"]
[Date "2014.06.07"]
[Round "2"]
[White "Petry, Richard"]
[Black "De Ridder, Yulian"]
[Result "1-0"]
[WhiteElo "1151"]
[BlackElo "1348"]
[PlyCount "69"]
[EventDate "2014.06.06"]
[EventType "swiss"]
[EventRounds "7"]
[EventCountry "NED"]
[Source "P.Boonen"]
[SourceDate "2014.10.10"]

1. d4 d5 2. Nc3 Nf6 3. e3 Nc6 4. Nf3 e6 5. Bd2 Bd6 6. Be2 O-O 7. O-O e5 8. dxe5
Nxe5 9. Be1 Re8 10. Nxd5 Nxf3+ 11. Bxf3 Nxd5 12. Bxd5 Qg5 13. Qf3 Re7 14. Bxb7
Qh6 15. h3 Bxb7 16. Qxb7 Ree8 17. Bc3 Qg6 18. Rac1 c6 19. Qd7 f5 20. Qb7 Reb8
21. Qa6 Rb5 22. a4 Rb6 23. Qc4+ Kh8 24. Qe2 Re8 25. Qf3 Kg8 26. g3 Re4 27. Kh2
Rh4 28. Rg1 Qg4 29. Qg2 c5 30. f4 Rh5 31. b3 Bb8 32. Rcd1 Rbh6 33. Rd8+ Kf7 34.
Qb7+ Kg6 35. Qc6+ 1-0

[Event "BPB Limburg open C"]
[Site "Maastricht"]
[Date "2014.06.07"]
[Round "2"]
[White "Reichardt, Monica"]
[Black "Kumpen, Jona"]
[Result "0-1"]
[WhiteElo "1447"]
[BlackElo "1532"]
[PlyCount "70"]
[EventDate "2014.06.06"]
[EventType "swiss"]
[EventRounds "7"]
[EventCountry "NED"]
[Source "P.Boonen"]
[SourceDate "2014.10.10"]

1. e4 e6 2. d4 d5 3. exd5 exd5 4. Nf3 Bd6 5. Nc3 Ne7 6. Bd3 c6 7. O-O O-O 8.
Ne2 Bf5 9. Bf4 Bxd3 10. Qxd3 Ng6 11. Bg3 Qc7 12. Rfe1 Nd7 13. Bxd6 Qxd6 14. Ng3
Rfe8 15. Re3 Nf4 16. Qd2 Rxe3 17. Qxe3 Ne6 18. c3 c5 19. Nf5 cxd4 20. N3xd4 Qb6
21. b3 Re8 22. Qg3 g6 23. Qd6 Nxd4 24. Qxd7 Rd8 25. Nh6+ Kg7 26. Qxf7+ Kxh6 27.
Qf4+ Kg7 28. cxd4 Re8 29. Qg4 Qb4 30. h3 Re7 31. Rc1 Qd2 32. Ra1 Qc3 33. Rb1
Qc2 34. Ra1 Qb2 35. Qd1 Rf7 0-1

[Event "BPB Limburg open C"]
[Site "Maastricht"]
[Date "2014.06.07"]
[Round "2"]
[White "Reusink, Hans"]
[Black "De Bruin, Joost"]
[Result "0-1"]
[WhiteElo "1553"]
[BlackElo "1724"]
[PlyCount "130"]
[EventDate "2014.06.06"]
[EventType "swiss"]
[EventRounds "7"]
[EventCountry "NED"]
[Source "P.Boonen"]
[SourceDate "2014.10.10"]

1. e4 e6 2. d3 d5 3. Nd2 Nf6 4. g3 b6 5. Bg2 Bb7 6. Ngf3 c5 7. Qe2 Be7 8. O-O
Nc6 9. a3 O-O 10. e5 Nd7 11. Re1 Qc7 12. Nf1 Rac8 13. Bf4 b5 14. h4 Nb6 15.
N1h2 Na4 16. Ng4 Qd8 17. h5 c4 18. d4 Nxb2 19. h6 g6 20. Reb1 Na4 21. Qd2 a6
22. Nf6+ Bxf6 23. exf6 Qa5 24. Qc1 Nc3 25. Bd2 Ne2+ 26. Kh2 Nxc1 27. Bxa5 Nxa5
28. Rxc1 Nc6 29. c3 Rb8 30. Bh3 Bc8 31. Re1 Bd7 32. Ng5 Rb6 33. Re2 a5 34. Rae1
Nd8 35. f4 b4 36. Rb1 Nc6 37. Nf3 Rfb8 38. Reb2 bxa3 39. Rxb6 Rxb6 40. Rxb6 a2
41. Ra6 Be8 42. Ra8 Kf8 43. Ng5 a1=Q 44. Nxh7+ Kg8 45. Ng5 Qb2+ 46. Bg2 Qb8 47.
Rxb8 Nxb8 48. Bh3 a4 49. Bxe6 fxe6 50. h7+ Kh8 51. f7 Bxf7 52. Nxf7+ Kxh7 53.
Ng5+ Kg7 54. Nf3 a3 55. Ne1 a2 56. Nc2 Nc6 57. Kg2 Na5 58. g4 Nb3 59. Kf3 a1=Q
60. Nxa1 Nxa1 61. g5 Nb3 62. Ke3 Nc1 63. Kd2 Nd3 64. Ke3 Kf7 65. Kf3 Ke7 0-1

[Event "BPB Limburg open C"]
[Site "Maastricht"]
[Date "2014.06.07"]
[Round "2"]
[White "Reyskens, Jules"]
[Black "Steinhart, Roel"]
[Result "1-0"]
[WhiteElo "1719"]
[BlackElo "1564"]
[PlyCount "25"]
[EventDate "2014.06.06"]
[EventType "swiss"]
[EventRounds "7"]
[EventCountry "NED"]
[Source "P.Boonen"]
[SourceDate "2014.10.10"]

1. e4 e5 2. Nf3 Qf6 3. Nc3 c6 4. d4 exd4 5. Bg5 Qg6 6. Qxd4 Qd6 7. Qe3 Qb4 8.
O-O-O Bc5 9. Qd2 Qa5 10. Be3 Bb4 11. Bd4 Nf6 12. Bxf6 gxf6 13. Qd4 1-0

[Event "BPB Limburg open C"]
[Site "Maastricht"]
[Date "2014.06.07"]
[Round "2"]
[White "Roemhild, Wolfgang"]
[Black "Oxener, Aldo"]
[Result "0-1"]
[WhiteElo "1743"]
[BlackElo "1506"]
[PlyCount "79"]
[EventDate "2014.06.06"]
[EventType "swiss"]
[EventRounds "7"]
[EventCountry "NED"]
[Source "P.Boonen"]
[SourceDate "2014.10.10"]

1. e4 c5 2. f4 e6 3. Nf3 Nc6 4. c3 b6 5. Bd3 Bb7 6. Bc2 Qc7 7. d3 Nf6 8. O-O
Be7 9. h3 O-O 10. Nh2 Rfd8 11. Be3 Rac8 12. Nd2 e5 13. f5 d5 14. Ng4 d4 15. Bf2
dxc3 16. bxc3 Ba6 17. Qf3 c4 18. Nxf6+ Bxf6 19. Qg3 cxd3 20. Bd1 Na5 21. Rc1
Nc4 22. Nb3 d2 23. Nxd2 Rxd2 24. Bb3 Rcd8 25. Rfe1 Nb2 26. Be3 R2d3 27. Qf3 Nc4
28. g4 Nxe3 29. Rxe3 Rxe3 30. Qxe3 Rd3 31. Qf2 Bg5 32. Re1 Qxc3 33. f6 Rg3+ 34.
Kh1 Rxh3+ 35. Kg2 Bh4 36. Rd1 gxf6 37. Bxf7+ Kxf7 38. Rd7+ Ke8 39. Rxh7 Bxf2
40. Rxh3 0-1

[Event "BPB Limburg open C"]
[Site "Maastricht"]
[Date "2014.06.07"]
[Round "2"]
[White "Schelleman, Iris"]
[Black "Krug, Franz Dieter"]
[Result "1-0"]
[WhiteElo "1656"]
[BlackElo "1596"]
[PlyCount "47"]
[EventDate "2014.06.06"]
[EventType "swiss"]
[EventRounds "7"]
[EventCountry "NED"]
[Source "P.Boonen"]
[SourceDate "2014.10.10"]

1. e4 e5 2. Nf3 d6 3. d4 exd4 4. Nxd4 Nd7 5. Bc4 Ne5 6. Bb3 Bd7 7. Nc3 a6 8. h3
c5 9. Nf3 Qf6 10. Nh2 c4 11. f4 Qh4+ 12. Kf1 cxb3 13. fxe5 bxc2 14. Qxc2 dxe5
15. Nf3 Qe7 16. Nd5 Bb5+ 17. Ke1 Qc5 18. Qxc5 Bxc5 19. Nc7+ Kd7 20. Nxa8 f6 21.
Bd2 Ne7 22. Rc1 Rc8 23. b4 Bxb4 24. Nb6+ 1-0

[Event "BPB Limburg open C"]
[Site "Maastricht"]
[Date "2014.06.07"]
[Round "2"]
[White "Schlepuetz, Volker"]
[Black "Van Stiphout, Sophie"]
[Result "1-0"]
[WhiteElo "1437"]
[BlackElo "1086"]
[PlyCount "69"]
[EventDate "2014.06.06"]
[EventType "swiss"]
[EventRounds "7"]
[EventCountry "NED"]
[Source "P.Boonen"]
[SourceDate "2014.10.10"]

1. d4 d5 2. c4 Nf6 3. cxd5 Qxd5 4. Nc3 Qd8 5. e4 e6 6. Nf3 Nbd7 7. Be2 Be7 8.
O-O O-O 9. h3 c5 10. Be3 b6 11. e5 Nd5 12. Nxd5 exd5 13. Rc1 Bb7 14. Qa4 a6 15.
Qc2 Rc8 16. Qb1 Rc6 17. Bd3 g6 18. Nh2 cxd4 19. Bh6 Re8 20. Rxc6 Bxc6 21. e6
Ne5 22. exf7+ Nxf7 23. Bf4 Kg7 24. Rc1 Bd6 25. Bxd6 Qxd6 26. Nf3 Ne5 27. Nxd4
Nxd3 28. Qxd3 Bb7 29. Qc3 Qe5 30. Qc7+ Re7 31. Qxe5+ Rxe5 32. Rc7+ Kh6 33. Rxb7
Re4 34. Nf3 d4 35. Rd7 1-0

[Event "BPB Limburg open C"]
[Site "Maastricht"]
[Date "2014.06.07"]
[Round "2"]
[White "Schloesser, Matthias"]
[Black "Bratuszewski, Jorden"]
[Result "0-1"]
[WhiteElo "1583"]
[BlackElo "1672"]
[PlyCount "106"]
[EventDate "2014.06.06"]
[EventType "swiss"]
[EventRounds "7"]
[EventCountry "NED"]
[Source "P.Boonen"]
[SourceDate "2014.10.10"]

1. e4 d6 2. d4 Nf6 3. Nd2 g6 4. Ngf3 Bg7 5. c3 O-O 6. Bc4 Nbd7 7. O-O e5 8.
dxe5 dxe5 9. Qe2 Ne8 10. Bb3 Nd6 11. Nc4 Nxc4 12. Bxc4 Nc5 13. Rd1 Qe7 14. Bg5
Bf6 15. Qe3 Bxg5 16. Nxg5 Kg7 17. b4 Nd7 18. Rd2 Nb6 19. Bb3 f6 20. Nf3 Be6 21.
Rad1 a5 22. Bxe6 Qxe6 23. Qc5 axb4 24. cxb4 Rfc8 25. Qc2 Qc4 26. Qxc4 Nxc4 27.
Rc2 Nd6 28. Nd2 Ra4 29. f3 Rxb4 30. Nb3 Rc4 31. Rxc4 Nxc4 32. Rd7+ Kg8 33. Nc5
Nd6 34. Ne6 Ne8 35. Kf2 b5 36. Rd8 Rxd8 37. Nxd8 c5 38. Ke2 Nd6 39. Ne6 c4 40.
a3 Kf7 41. Nc5 Ke7 42. Kd2 f5 43. exf5 gxf5 44. a4 b4 45. a5 Nb5 46. h4 b3 47.
Kc1 Kd6 48. Na4 e4 49. fxe4 fxe4 50. a6 Kc6 51. g4 e3 52. g5 c3 53. h5 b2+ 0-1

[Event "BPB Limburg open C"]
[Site "Maastricht"]
[Date "2014.06.07"]
[Round "2"]
[White "Schoppen, Jochem"]
[Black "De Coninck, Erik"]
[Result "0-1"]
[WhiteElo "1386"]
[BlackElo "1628"]
[PlyCount "112"]
[EventDate "2014.06.06"]
[EventType "swiss"]
[EventRounds "7"]
[EventCountry "NED"]
[Source "P.Boonen"]
[SourceDate "2014.10.10"]

1. d4 Nf6 2. c4 c5 3. d5 d6 4. Nc3 g6 5. Nf3 Bg7 6. e4 Nbd7 7. Bd3 O-O 8. O-O
a6 9. Bf4 Ng4 10. h3 Nge5 11. Nxe5 Nxe5 12. Be2 Rb8 13. a4 Bd7 14. Bg3 Qb6 15.
Qd2 f6 16. f4 Nf7 17. Rfb1 f5 18. Bf2 Qb4 19. a5 b5 20. cxb5 Bxb5 21. Bxb5 Rxb5
22. exf5 gxf5 23. Qc2 Bxc3 24. bxc3 Qxf4 25. Rxb5 axb5 26. a6 Ra8 27. Qb3 Qc4
28. Qxc4 bxc4 29. Kf1 Ne5 30. Ke2 Ra7 31. Kd2 Nd7 32. Bh4 Kf7 33. Ke3 Nb8 34.
Ra4 Rxa6 35. Rxc4 Ra2 36. Kf3 Nd7 37. Rf4 Ne5+ 38. Ke3 e6 39. dxe6+ Kxe6 40.
Be1 Rxg2 41. Rh4 Rg7 42. Rh6+ Kd5 43. Bh4 Rf7 44. Bf6 Ng6 45. Bg5 f4+ 46. Kf3
Ne5+ 47. Kf2 f3 48. Bh4 Nd3+ 49. Kf1 f2 50. Bg3 Ne5 51. Rh5 Ke4 52. Bxe5 dxe5
53. Rh4+ Ke3 54. Rg4 e4 55. Rg3+ Rf3 56. Rg2 Kd2 0-1

[Event "BPB Limburg open C"]
[Site "Maastricht"]
[Date "2014.06.07"]
[Round "2"]
[White "Schrijvers, Kees"]
[Black "Schelleman, Niels"]
[Result "1/2-1/2"]
[WhiteElo "1497"]
[BlackElo "1521"]
[PlyCount "52"]
[EventDate "2014.06.06"]
[EventType "swiss"]
[EventRounds "7"]
[EventCountry "NED"]
[Source "P.Boonen"]
[SourceDate "2014.10.10"]

1. d4 d5 2. c4 c6 3. Nc3 Nf6 4. Nf3 Bf5 5. e3 e6 6. Be2 Bd6 7. O-O O-O 8. Bd3
Bg4 9. h3 Bh5 10. cxd5 cxd5 11. e4 dxe4 12. Nxe4 Be7 13. Nxf6+ Bxf6 14. Be4 Qd7
15. g4 Bg6 16. Bxg6 hxg6 17. g5 Be7 18. Ne5 Qd5 19. Be3 Nc6 20. Nxc6 Qxc6 21.
Qd3 Qf3 22. Rfd1 Qxh3 23. Qe4 Bd6 24. Qg2 Qxg2+ 25. Kxg2 f6 26. Rh1 Kf7 1/2-1/2

[Event "BPB Limburg open C"]
[Site "Maastricht"]
[Date "2014.06.07"]
[Round "2"]
[White "Schulte, Philipp"]
[Black "Vercruyssen, Tim"]
[Result "1-0"]
[WhiteElo "1417"]
[BlackElo "1118"]
[PlyCount "76"]
[EventDate "2014.06.06"]
[EventType "swiss"]
[EventRounds "7"]
[EventCountry "NED"]
[Source "P.Boonen"]
[SourceDate "2014.10.10"]

1. d4 Nf6 2. c4 e6 3. Nf3 b6 4. Nc3 Bb4 5. Qc2 c5 6. a3 Bxc3+ 7. bxc3 d6 8. e4
Qc7 9. Bf4 O-O 10. e5 Ne8 11. Ng5 f5 12. exf6 Nxf6 13. Ne4 e5 14. Bg5 Nbd7 15.
d5 Nxe4 16. Qxe4 Nf6 17. Qh4 Bf5 18. Rd1 Rae8 19. Bd3 Bxd3 20. Rxd3 e4 21. Rg3
Qf7 22. O-O Re5 23. Bxf6 Qxf6 24. Qxf6 Rxf6 25. Re1 Rf4 26. Rge3 a6 27. g3 Rf3
28. Rxf3 exf3 29. Rxe5 dxe5 30. a4 Kf7 31. g4 e4 32. Kf1 Kf6 33. Ke1 Ke5 34.
Kd2 Kf4 35. d6 e3+ 36. fxe3+ Kxg4 37. d7 h5 38. d8=Q h4 1-0

[Event "BPB Limburg open C"]
[Site "Maastricht"]
[Date "2014.06.07"]
[Round "2"]
[White "Smits, Marc"]
[Black "Janssen, Valerie"]
[Result "1-0"]
[WhiteElo "1532"]
[BlackElo "1000"]
[PlyCount "37"]
[EventDate "2014.06.06"]
[EventType "swiss"]
[EventRounds "7"]
[EventCountry "NED"]
[Source "P.Boonen"]
[SourceDate "2014.10.10"]

1. e4 e6 2. Nc3 d5 3. exd5 exd5 4. d4 Nf6 5. Nge2 Be7 6. h3 Be6 7. Bf4 c6 8. g4
h5 9. g5 Nfd7 10. Qd2 h4 11. Nc1 f6 12. Rg1 fxg5 13. Qe3 gxf4 14. Qxe6 Kf8 15.
Bd3 Bf6 16. N1e2 f3 17. Nf4 Qe7 18. Ng6+ Ke8 19. Nxe7 1-0

[Event "BPB Limburg open C"]
[Site "Maastricht"]
[Date "2014.06.07"]
[Round "2"]
[White "Sprong, Ton"]
[Black "Vandevelde, Luc"]
[Result "1/2-1/2"]
[WhiteElo "1738"]
[BlackElo "1534"]
[PlyCount "135"]
[EventDate "2014.06.06"]
[EventType "swiss"]
[EventRounds "7"]
[EventCountry "NED"]
[Source "P.Boonen"]
[SourceDate "2014.10.10"]

1. b4 c6 2. Bb2 a5 3. a3 Qb6 4. c4 d6 5. d4 Nf6 6. c5 Qc7 7. Nf3 Bf5 8. Nbd2 d5
9. e3 e6 10. Nb3 axb4 11. axb4 Rxa1 12. Qxa1 Be7 13. Qa7 O-O 14. Na5 Rd8 15.
Qxb7 Qxb7 16. Nxb7 Rd7 17. Na5 Ra7 18. Be2 Bd8 19. O-O Ne4 20. Ra1 Bg4 21. h3
Bxf3 22. gxf3 Nf6 23. Bc3 Ne8 24. Nxc6 Rxa1+ 25. Bxa1 Nxc6 26. Bb5 Nxb4 27.
Bxe8 Na6 28. Bc3 Kf8 29. Bb5 Nc7 30. Bd3 Ke7 31. Bb4 Kd7 32. e4 Kc6 33. Kf1 g6
34. Bd2 Bf6 35. Bc3 Bg5 36. Ke2 Bd8 37. Ke3 Bg5+ 38. f4 Bh6 39. h4 Bg7 40. Kf3
Nb5 41. exd5+ exd5 42. Bxb5+ Kxb5 43. f5 h5 44. Kf4 Bf6 45. fxg6 fxg6 46. Kg3
Kc6 47. f4 Kb5 48. f5 gxf5 49. Kf4 Bxh4 50. Kxf5 Bf2 51. Kf4 h4 52. Kf3 Bg3 53.
Bd2 Kc6 54. Be3 Be1 55. Bf2 Bc3 56. Kg4 Bb4 57. Kxh4 Ba5 58. Kg4 Bc7 59. Be3
Bd8 60. Kf5 Ba5 61. Ke6 Be1 62. Bg5 Bc3 63. Ke5 Be1 64. Bd8 Bg3+ 65. Ke6 Be1
66. Bc7 Bc3 67. Ke5 Be1 68. Ke6 1/2-1/2

[Event "BPB Limburg open C"]
[Site "Maastricht"]
[Date "2014.06.07"]
[Round "2"]
[White "Steenman, Tomas"]
[Black "Decruyenaere, Robbert"]
[Result "1-0"]
[WhiteElo "1334"]
[BlackElo "1526"]
[PlyCount "113"]
[EventDate "2014.06.06"]
[EventType "swiss"]
[EventRounds "7"]
[EventCountry "NED"]
[Source "P.Boonen"]
[SourceDate "2014.10.10"]

1. e4 e6 2. d4 d5 3. e5 c5 4. c3 Qb6 5. Nf3 Nc6 6. Bd3 Bd7 7. O-O cxd4 8. cxd4
Nxd4 9. Nxd4 Qxd4 10. Nc3 Qb6 11. Qg4 Ne7 12. Be3 Qa5 13. a3 Ng6 14. f4 Bc5 15.
Qf3 Bxe3+ 16. Qxe3 O-O 17. b4 Qc7 18. Rac1 Qd8 19. Bb5 Ne7 20. Bd3 a6 21. Qh3
Ng6 22. Rfe1 Qh4 23. Qxh4 Nxh4 24. Rf1 Ng6 25. g3 Rac8 26. b5 Ne7 27. bxa6 bxa6
28. Bxa6 Ra8 29. Bd3 Rxa3 30. Bb5 Bc6 31. Bxc6 Nxc6 32. Nxd5 Nd4 33. Ne7+ Kh8
34. Rf2 g6 35. Nc8 Nf5 36. Rd2 Ra8 37. Nb6 Ra6 38. Nc8 Ra8 39. Nd6 Rad8 40.
Rcd1 Kg8 41. Nxf5 Rxd2 42. Ne7+ Kg7 43. Rxd2 Re8 44. Nc6 Rc8 45. Rd6 h5 46. Nd4
Rb8 47. Ne2 Rb1+ 48. Kf2 Rh1 49. Kg2 Re1 50. Rd2 f6 51. Kf2 Rh1 52. Rd7+ Kf8
53. exf6 Rxh2+ 54. Kf3 h4 55. Nd4 h3 56. Nxe6+ Ke8 57. Re7# 1-0

[Event "BPB Limburg open C"]
[Site "Maastricht"]
[Date "2014.06.07"]
[Round "2"]
[White "Stiefel, Marika"]
[Black "De Mon, Gino"]
[Result "0-1"]
[WhiteElo "1621"]
[BlackElo "1744"]
[PlyCount "54"]
[EventDate "2014.06.06"]
[EventType "swiss"]
[EventRounds "7"]
[EventCountry "NED"]
[Source "P.Boonen"]
[SourceDate "2014.10.10"]

1. d4 Nf6 2. Nf3 g6 3. e3 Bg7 4. Bd3 O-O 5. O-O d6 6. b3 Nc6 7. Bb2 Bg4 8. Nbd2
e5 9. dxe5 dxe5 10. e4 Nd7 11. h3 Be6 12. Bc4 Qe7 13. a4 Nd4 14. Bxe6 Nxe6 15.
Nc4 Nf4 16. Ba3 Nc5 17. Re1 Rfd8 18. Qb1 Rd7 19. Kh2 Rad8 20. b4 Nxa4 21. g3
Nh5 22. Qb3 b5 23. Na5 Qf6 24. Qe3 Bh6 25. Qe2 Nc3 26. Nxe5 Nxe2 27. Rxe2 Qxe5
0-1

[Event "BPB Limburg open C"]
[Site "Maastricht"]
[Date "2014.06.07"]
[Round "2"]
[White "Ten Have, Dimitri"]
[Black "Nissel, Andreas"]
[Result "1/2-1/2"]
[WhiteElo "1041"]
[BlackElo "1737"]
[PlyCount "131"]
[EventDate "2014.06.06"]
[EventType "swiss"]
[EventRounds "7"]
[EventCountry "NED"]
[Source "P.Boonen"]
[SourceDate "2014.10.10"]

1. d4 Nf6 2. Nc3 d5 3. e4 dxe4 4. f3 exf3 5. Qxf3 c6 6. h3 e6 7. Bd3 Bb4 8.
Nge2 Nbd7 9. Bd2 Qa5 10. O-O-O O-O 11. g4 Nd5 12. Nxd5 Bxd2+ 13. Rxd2 Qxd5 14.
Qxd5 cxd5 15. g5 f6 16. g6 h6 17. Nf4 Re8 18. Re1 Nb6 19. Rde2 Kf8 20. Bb5 Re7
21. Nxe6+ Bxe6 22. Rxe6 Rxe6 23. Rxe6 Rd8 24. a4 Nc8 25. a5 Ne7 26. Bd3 Nc6 27.
c3 Nxa5 28. b4 Nc6 29. Kb2 Ne7 30. Ka3 Rc8 31. Kb3 Rc6 32. Re1 f5 33. Ra1 Rxg6
34. Rxa7 b6 35. Bb5 Rd6 36. Ra8+ Kf7 37. Be8+ Kf6 38. h4 Ng6 39. Ra7 Nxh4 40.
Rf7+ Kg5 41. Rxg7+ Ng6 42. c4 dxc4+ 43. Kxc4 f4 44. Kd3 h5 45. Rd7 Re6 46. Rd5+
Kf6 47. Bd7 Re3+ 48. Kd2 Nh4 49. Rxh5 Nf3+ 50. Kc2 Nxd4+ 51. Kc1 Ne6 52. Rh4 f3
53. Bxe6 Kxe6 54. Kd2 Ra3 55. Rh6+ Kd5 56. Rxb6 Ke4 57. Re6+ Kf4 58. Rf6+ Kg3
59. b5 Kf2 60. b6 Rb3 61. Kc2 Rb5 62. Kd2 Kg2 63. Rg6+ Kf1 64. Ke3 f2 65. Kd2
Rb2+ 66. Kd1 1/2-1/2

[Event "BPB Limburg open C"]
[Site "Maastricht"]
[Date "2014.06.07"]
[Round "2"]
[White "Terwagne, Bertrand"]
[Black "Woyave, Pascal"]
[Result "0-1"]
[WhiteElo "1654"]
[BlackElo "1603"]
[PlyCount "77"]
[EventDate "2014.06.06"]
[EventType "swiss"]
[EventRounds "7"]
[EventCountry "NED"]
[Source "P.Boonen"]
[SourceDate "2014.10.10"]

1. e4 e6 2. d4 d5 3. Nd2 c5 4. exd5 Qxd5 5. Ndf3 cxd4 6. Qxd4 Nf6 7. Be3 Nc6 8.
Qd2 Be7 9. Bd3 Nb4 10. Ne2 Nxd3+ 11. cxd3 O-O 12. O-O b6 13. Nc3 Qh5 14. Ne4
Rd8 15. Ng3 Qd5 16. Rfd1 Ba6 17. d4 Rac8 18. a3 Qa8 19. Ne5 Nd5 20. Rac1 Bb5
21. Rxc8 Rxc8 22. Rc1 f6 23. Rxc8+ Qxc8 24. Nd3 Nxe3 25. Qxe3 Bxd3 26. Qxd3
Qc1+ 27. Nf1 Qxb2 28. a4 a5 29. h3 Bb4 30. Qb5 Qxd4 31. Qe8+ Bf8 32. Qxe6+ Kh8
33. Qe8 Qc5 34. Ne3 Qe7 35. Qb8 Qd6 36. Qe8 Kg8 37. Nf5 Qe5 38. Qh5 g6 39. Qg4
0-1

[Event "BPB Limburg open C"]
[Site "Maastricht"]
[Date "2014.06.07"]
[Round "2"]
[White "Uiterwijk, Jos"]
[Black "Olmoz Sanz, Francisco"]
[Result "1-0"]
[WhiteElo "1606"]
[BlackElo "1655"]
[PlyCount "141"]
[EventDate "2014.06.06"]
[EventType "swiss"]
[EventRounds "7"]
[EventCountry "NED"]
[Source "P.Boonen"]
[SourceDate "2014.10.10"]

1. e4 c5 2. Nf3 d6 3. d4 cxd4 4. Nxd4 Nf6 5. Nc3 a6 6. Be2 e5 7. Nf3 Be7 8. O-O
Nc6 9. a3 O-O 10. Bg5 Be6 11. Bxf6 Bxf6 12. Nd5 Bxd5 13. Qxd5 Qc7 14. c3 Rad8
15. Rad1 b5 16. Rd3 Rd7 17. Rfd1 Rfd8 18. Ne1 Ne7 19. Qa2 Qc6 20. Bg4 Rc7 21.
Bf3 Nc8 22. Nc2 a5 23. Ne3 Nb6 24. Nf5 Be7 25. Ne3 b4 26. axb4 axb4 27. cxb4
Ra8 28. Qb3 Rd7 29. Rc3 Qb7 30. Nf5 Bf8 31. Rcd3 Qb8 32. Rc3 Nc8 33. Rdc1 Rd8
34. Ne3 Ne7 35. Nd5 Nxd5 36. exd5 f5 37. Be2 Be7 38. Rd1 Qb7 39. Bc4 e4 40. g3
Bf6 41. Rcc1 Qb6 42. b5 Bd4 43. Rc2 Rd7 44. Re2 Rda7 45. Kg2 Ra2 46. Rb1 R2a7
47. Qd1 Rc8 48. b3 Rca8 49. f3 Ra2 50. fxe4 fxe4 51. Kh3 Rxe2 52. Qxe2 Re8 53.
Rf1 Qb7 54. Rf4 Qe7 55. Qg4 Bb6 56. Qe6+ Qxe6+ 57. dxe6 g6 58. Rxe4 Re7 59. Rf4
Bc7 60. Bd5 Kg7 61. g4 Bb6 62. Kg2 Kg8 63. Kf3 Kg7 64. Ke4 Kg8 65. Rf7 Rxf7 66.
exf7+ Kf8 67. Kf4 Bd8 68. Ke4 Bf6 69. Be6 Bd8 70. Kd5 Ke7 71. h3 1-0

[Event "BPB Limburg open C"]
[Site "Maastricht"]
[Date "2014.06.07"]
[Round "2"]
[White "Ulburghs, Piet"]
[Black "Loutragotis, Paraske"]
[Result "1/2-1/2"]
[WhiteElo "1683"]
[BlackElo "1570"]
[PlyCount "41"]
[EventDate "2014.06.06"]
[EventType "swiss"]
[EventRounds "7"]
[EventCountry "NED"]
[Source "P.Boonen"]
[SourceDate "2014.10.10"]

1. b3 d5 2. e3 Nc6 3. Bb2 e5 4. Nf3 Bg4 5. h3 Bxf3 6. Qxf3 Nf6 7. Bb5 Bd6 8. c4
O-O 9. cxd5 Nb4 10. Na3 Nfxd5 11. O-O c6 12. Be2 Nb6 13. Nc4 Qe7 14. Nxd6 Qxd6
15. Rfd1 Rfe8 16. d3 Qd5 17. Qg3 g6 18. Bc3 Nc2 19. Rab1 Na3 20. Rbc1 Rac8 21.
Bf3 1/2-1/2

[Event "BPB Limburg open C"]
[Site "Maastricht"]
[Date "2014.06.07"]
[Round "2"]
[White "Van Dael, Siem"]
[Black "Winand, Michael"]
[Result "0-1"]
[WhiteElo "1587"]
[BlackElo "1669"]
[PlyCount "74"]
[EventDate "2014.06.06"]
[EventType "swiss"]
[EventRounds "7"]
[EventCountry "NED"]
[Source "P.Boonen"]
[SourceDate "2014.10.10"]

1. e4 e5 2. Nf3 Nc6 3. Bc4 Nf6 4. d3 Bc5 5. Nc3 d6 6. Bg5 h6 7. Bh4 g5 8. Bg3
Bg4 9. Nd5 Nd4 10. c3 Nxf3+ 11. gxf3 Bc8 12. b4 Bb6 13. Qb3 Nxd5 14. Bxd5 Qf6
15. Qd1 c6 16. Bb3 Bh3 17. b5 h5 18. bxc6 bxc6 19. Ba4 Rc8 20. d4 O-O 21. dxe5
dxe5 22. Rg1 Kh7 23. f4 Bg4 24. fxe5 Bxd1 25. exf6 Bxa4 26. h4 Rfe8 27. e5 Rcd8
28. hxg5 Kg6 29. Bh2 Rd3 30. Rc1 Red8 31. Rg2 Ba5 32. Rg3 Bb5 33. f4 Rxg3 34.
Bxg3 Rd3 35. Kf2 Bxc3 36. Kg2 Bc4 37. Bf2 a5 0-1

[Event "BPB Limburg open C"]
[Site "Maastricht"]
[Date "2014.06.07"]
[Round "2"]
[White "Van Dijk, Simon"]
[Black "Laureys, Jo"]
[Result "1-0"]
[WhiteElo "1347"]
[BlackElo "1264"]
[PlyCount "93"]
[EventDate "2014.06.06"]
[EventType "swiss"]
[EventRounds "7"]
[EventCountry "NED"]
[Source "P.Boonen"]
[SourceDate "2014.10.10"]

1. Nf3 d5 2. d4 Nf6 3. Bf4 e6 4. e3 Bd6 5. Bxd6 Qxd6 6. Bd3 O-O 7. Nbd2 c6 8.
c3 Nbd7 9. Qc2 h6 10. e4 e5 11. dxe5 Nxe5 12. Nxe5 Qxe5 13. Nf3 Qf4 14. exd5
Re8+ 15. Be2 Bf5 16. Qb3 cxd5 17. Rd1 Rad8 18. Nd4 Ne4 19. O-O Nc5 20. Qb5 b6
21. Nxf5 Qxf5 22. Bf3 Re6 23. Rd4 a6 24. Qb4 Rde8 25. Bg4 Qb1 26. Rdd1 Qxd1 27.
Bxd1 Nd3 28. Qd4 Ne1 29. Qxd5 Re5 30. Qd2 Kf8 31. f4 Re3 32. Qd6+ Kg8 33. Qxb6
R8e6 34. Qa5 Rg6 35. g4 Rd6 36. Kf2 Rde6 37. Qd8+ Kh7 38. Rxe1 Rxe1 39. Qd3+
Kg8 40. Bc2 g6 41. f5 gxf5 42. gxf5 R6e2+ 43. Qxe2 Rxe2+ 44. Kxe2 Kg7 45. Kd3
f6 46. Kd4 Kf7 47. Kc5 1-0